000 00631cam a2200193 a 4500
020 _a0521623383 (cased)
020 _a0521626161 (pbk)
040 _cUk
082 _a339 CAM 1998 A065 Or.
100 1 _aSolow, Robert M.
245 1 0 _aMonopolistic competition and macroeconomic theory /
260 _aCambridge ;
_aNew York :
_bCambridge University Press,
_c1998.
300 _a78 p. :
_bill. ;
_c22 cm.
650 0 _aMonopolistic competition
650 0 _aMacroeconomics
856 4 2 _uhttp://www.loc.gov/catdir/description/cam0210/99191733.html
856 4 1 _uhttp://www.loc.gov/catdir/toc/cam022/99191733.html
942 _cEK
999 _c14359
_d14359